Obras de San Buenaventura
Salvato in:
| Natura: | Libro |
|---|---|
| Lingua: | spagnolo |
| Pubblicazione: |
Madrid
B.A.C
1967
|
| Edizione: | 3a. ed |
| Serie: | Biblioteca de Autores Cristianos
|
| Soggetti: | |
| Tags: |
Aggiungi Tag
Nessun Tag, puoi essere il primo ad aggiungerne!!
|
MARC
| LEADER | 00000nam a2200000 a 4500 | ||
|---|---|---|---|
| 001 | UCZ2659 | ||
| 003 | CL-VaPUC | ||
| 008 | 951005e19670000SP |||||||||||||||||spa|d | ||
| 082 | 0 | 4 | |a 189.4 |b OBR |2 21 |
| 245 | 1 | 0 | |a Obras de San Buenaventura |
| 250 | |a 3a. ed | ||
| 300 | |a v | ||
| 942 | |c BK | ||
| 945 | |d 19951005 00:00:00 |a cmena | ||
| 260 | |a Madrid |b B.A.C |c 1967 | ||
| 500 | |a v.2: Jesucristo. La ciencia divina y humana de Cristo. Los misterios de Cristo en su contenido integral, en los ciclos litúrgicos y en su prolongación en la Iglesia | ||
| 500 | |a v.3: Colaciones sobre el Hexaémeron o iluminaciones de la Iglesia. Del reino de Dios descrito en las parábolas del Evangelio. Tratado de la plantación del paraíso | ||
| 600 | 0 | |a Dios |9 314467 | |
| 650 | 0 | |a Filosofía medieval |9 256245 | |
| 650 | 0 | |a Escolasticismo |9 264998 | |
| 650 | 0 | |a Experiencia religiosa |9 315549 | |
| 650 | 0 | |a Teología |9 258766 | |
| 583 | |a last modification |c 19951005 00:00:00 |k Rodrigo Vera | ||
| 490 | 0 | |a Biblioteca de Autores Cristianos | |
| 999 | |c 239218 |d 239216 | ||
| 952 | |0 0 |1 0 |4 0 |6 189_400000000000000_OBR_1967 |7 0 |8 P |9 250150 |a BIBEDU |b BIBEDU |c BIBEDU_PB |d 2019-11-18 |h v.2 |i 1570110 |o 189.4 OBR 1967 |p 1570110 |r 2024-01-25 |w 2019-11-18 |y BK |k FIL | ||
| 952 | |0 0 |1 0 |4 0 |6 189_400000000000000_OBR_1967 |7 0 |8 P |9 250151 |a BIBEDU |b BIBEDU |c BIBEDU_PB |d 2019-11-18 |h v.3 |i 1570102 |o 189.4 OBR 1967 |p 1570102 |r 2024-01-25 |w 2019-11-18 |y BK |k FIL | ||
| 952 | |0 0 |1 0 |4 0 |6 189_400000000000000_OBR_1967 |7 0 |8 A |9 250152 |a BIBTEO |b BIBTEO |d 2019-11-18 |h v.1 |i 2088711 |o 189.4 OBR 1967 |p 2088711 |r 2025-01-17 |w 2019-11-18 |y BK |k ICR | ||
| 952 | |0 0 |1 0 |4 0 |6 189_400000000000000_OBR_1967 |7 0 |8 A |9 250153 |a BIBTEO |b BIBTEO |d 2019-11-18 |h v.2 |i 208872K |o 189.4 OBR 1967 |p 208872K |r 2025-01-17 |w 2019-11-18 |y BK |k ICR | ||
| 952 | |0 0 |1 0 |4 0 |6 189_400000000000000_OBR_1967 |7 0 |8 A |9 250154 |a BIBTEO |b BIBTEO |d 2019-11-18 |h v.2 |i 2088738 |o 189.4 OBR 1967 |p 2088738 |r 2025-01-17 |w 2019-11-18 |y BK |k ICR | ||
| 952 | |0 0 |1 0 |4 0 |6 189_400000000000000_OBR_1967 |7 0 |8 A |9 250155 |a BIBTEO |b BIBTEO |d 2019-11-18 |h v.3 |i 2088746 |o 189.4 OBR 1967 |p 2088746 |r 2025-01-17 |w 2019-11-18 |y BK |k ICR | ||
| 952 | |0 0 |1 0 |4 0 |6 189_400000000000000_OBR_1967 |7 0 |8 A |9 250156 |a BIBTEO |b BIBTEO |d 2019-11-18 |h v.4 |i 2088754 |o 189.4 OBR 1967 |p 2088754 |r 2025-01-17 |w 2019-11-18 |y BK |k ICR | ||
| 952 | |0 0 |1 0 |4 0 |6 189_400000000000000_OBR_1967 |7 0 |8 A |9 250157 |a BIBTEO |b BIBTEO |d 2019-11-18 |h v.4 |i 2088762 |o 189.4 OBR 1967 |p 2088762 |r 2025-01-17 |w 2019-11-18 |y BK |k ICR | ||
| 952 | |0 0 |1 0 |4 0 |6 189_400000000000000_OBR_1967 |7 0 |8 A |9 250158 |a BIBTEO |b BIBTEO |d 2019-11-18 |h v.6 |i 2088770 |o 189.4 OBR 1967 |p 2088770 |r 2025-01-17 |w 2019-11-18 |y BK |k ICR | ||